ՀՀ Գիտությունների ազգային ակադեմիայի հիմնարար գիտական գրադարան  =   Fundamental Scientific Library of NAS RA

Մխացող հոգիներ : (Record no. 103545)

MARC details
000 -LEADER
fixed length control field 00918nam a2200217 a 4500
001 - CONTROL NUMBER
control field 000282814
003 - CONTROL NUMBER IDENTIFIER
control field AM-YeHGA
005 - DATE AND TIME OF LATEST TRANSACTION
control field 20250618071847.0
008 - FIXED-LENGTH DATA ELEMENTS--GENERAL INFORMATION
fixed length control field 031112s1977 ai 000 | arm d
040 ## - CATALOGING SOURCE
Original cataloging agency AM-YeHGA
041 0# - LANGUAGE CODE
Language code of text/sound track or separate title arm
090 ## - LOCALLY ASSIGNED LC-TYPE CALL NUMBER (OCLC); LOCAL CALL NUMBER (RLIN)
-- 104865
100 1# - MAIN ENTRY--PERSONAL NAME
Personal name Մավյան, Վահրամ.
9 (RLIN) 6716
245 10 - TITLE STATEMENT
Title Մխացող հոգիներ :
Remainder of title [Ակնարկների ժողովածու] /
Statement of responsibility, etc. Վ. Մավյան; Առաջաբ.՝ Գ. Քեշիշյան; Խմբ.՝ Մ. Թերզյան.
260 ## - PUBLICATION, DISTRIBUTION, ETC.
Place of publication, distribution, etc. Երևան :
Name of publisher, distributor, etc. Սովետական գրող,
Date of publication, distribution, etc. 1977.
300 ## - PHYSICAL DESCRIPTION
Extent 255 էջ :
Other physical details 1 թ. դիմանկ. ;
Dimensions 20 սմ.
440 #0 - SERIES STATEMENT/ADDED ENTRY--TITLE
Title Սփյուռքահայ գրողներ
650 14 - SUBJECT ADDED ENTRY--TOPICAL TERM
Topical term or geographic name entry element Հայ գրականություն
General subdivision Ակնարկ
9 (RLIN) 4573
700 1# - ADDED ENTRY--PERSONAL NAME
Personal name Քեշիշյան, Գրիգոր Սամվելի,
Dates associated with a name 1921-1980
Relator term առաջաբ.
Relationship aui
9 (RLIN) 2468
700 1# - ADDED ENTRY--PERSONAL NAME
Personal name Թերզյան, Մարգարիտ Սիմոնի,
Dates associated with a name 1929-
Relator term խմբ.
Relationship edt
9 (RLIN) 2565
Holdings
Withdrawn status Lost status Damaged status Not for loan Collection Home library Current library Date acquired Total checkouts Full call number Barcode Date last seen Price effective from Koha item type Public note
        General Fundamental Scientific Library Fundamental Scientific Library 22/12/2016   83-3=91.99 220058746 22/12/2016 22/12/2016 Գրքեր / Books 30 Days Loan
        General Fundamental Scientific Library Fundamental Scientific Library 22/12/2016   891.981 220060179 22/12/2016 22/12/2016 Գրքեր / Books 30 Days Loan


ՀՀ ԳԱԱ հիմնարար գիտական գրադարան
ՀՀ,Երևան 0019
Մարշալ Բաղրամյան 24/6
հեռախոս:(374-10) 52-47-50
Հետադարձ կապ

All site content, except where otherwise noted, is licensed under a
Creative Commons License